书目信息 |
| 书名: | How we believe | |
| 作者: | author/reader, Michael Shermer. | |
| 分册号: | ||
| 分册名: | 出版地: | NEW YORK : |
|
| 出版社: | W.H.FREEMAN AND COMPANY | |
| 出版时间: | 2000. | |
| 页数: | 302 p. ; | |
| 开本: | 20cm : | |
| 丛书名: | ||
| 中图分类号: | ||
| 科图分类号: | ||
| 其他分类号: | B9 | |
| 主题词: | ||
| 电子资源: | ||
| 000 | 00695njm a22002295a 450 | |
| 001 | E0731679842 | |
| 005 | 20070429085242.98 | |
| 007 | ss|lsnjlcmnnue | |
| 008 | 000711s2000 | |
| 010 | @a00583802 | |
| 040 | @aDLC@cDLC | |
| 050 | 00 | @aRZA 5988 |
| 090 | @aB9 | |
| 099 | @dB9@ex10 | |
| 245 | 10 | @aHow we believe :@b[the search for God in an age of science] / @cauthor/reader, Michael Shermer. |
| 260 | @aNEW YORK :@bW.H.FREEMAN AND COMPANY,@c2000. | |
| 300 | @a302 p. ;@c20cm :@banalog. | |
| 590 | @aFor replacement by OCLC copy. | |
| 700 | @aShermer,Michael | |
| 906 | @a0@bibc@corignew@d4@encip@f20@gy-genmusic | |
| 925 | 0 | @aacquire@b1 shelf copy@xpolicy default |
| 955 | @aqu09 07-11-00 | |
| How we believe : : [the search for God in an age of science] / / author/reader, Michael Shermer.-NEW YORK : : W.H.FREEMAN AND COMPANY, , 2000. |
| 302 p. ; ; 20cm : : analog. |
| For replacement by OCLC copy. |
| ISBN |
| ● |
| 相关链接 |
|
|
|
|
正题名:How we believe
索取号:B9/x10
 
预约/预借
| 序号 | 登录号 | 条形码 | 馆藏地/架位号 | 状态 | 备注 |
| 1 | 6401 | 300064016 | 第二样本阅览室/ [索取号:B9/x10] | 在馆 | |
| 2 | 6402 | 300064025 | 第四借阅区/ [索取号:B9/x10] | 在馆 | |
| 3 | 6403 | 300064034 | 第四借阅区/ [索取号:B9/x10] | 在馆 |